Timmy Failure : mistakes were made / Stephan Pastis.
Take eleven-year-old Timmy Failure — the clueless, comically self-confident CEO of the best detective agency in town, perhaps even the nation. Add his impressively lazy business partner, a very large polar bear named Total. Throw in the Failuremobile — Timmy’s mom’s Segway — and what you have is Total Failure, Inc., a global enterprise destined to make Timmy so rich his mother won’t have to stress out about the bills anymore. Of course, Timmy’s plan does not include the four-foot-tall female whose name shall not be uttered. And it doesn’t include Rollo Tookus, who is so obsessed with getting into "Stanfurd" that he can’t carry out a no-brainer spy mission. From the offbeat creator of Pearls Before Swine comes an endearingly bumbling hero in a caper whose peerless hilarity is accompanied by a whodunit twist. With perfectly paced visual humor, Stephan Pastis gets you snorting with laughter, then slyly carries the joke a beat further — or sweetens it with an unexpected poignant moment — making this a comics-inspired story (the first in a new series) that truly stands apart from the pack.
Record details
- ISBN: 9780763660505
- ISBN: 0763660507
- ISBN: 9780763669270
- ISBN: 076366927X
- Physical Description: 294 pages : illustrations ; 21 cm.
- Edition: First paperback edition.
- Publisher: Somerville, Massachusetts : Candlewick Press, 2015, ©2013.
Search for related items by subject
| Subject: | Private investigators > Juvenile fiction. Polar bear > Juvenile fiction. Friendship > Juvenile fiction. Schools > Juvenile fiction. Boys > Juvenile fiction. Girls > Juvenile fiction. |
| Genre: | Humorous fiction. Detective and mystery fiction. |
Search for related items by series
Available copies
- 2 of 2 copies available at scottsboropl.
Holds
- 0 current holds with 2 total copies.
Other Formats and Editions
Show Only Available Copies
| Location | Call Number / Copy Notes | Barcode | Shelving Location | Status | Due Date |
|---|---|---|---|---|---|
| scottsboropl | JF Pas | 32269001073397 | Juvenile - Fiction | Available | - |
| scottsboropl | JF Pas | 32269001144156 | Storage - Juvenile | Available | - |
| LDR | 01972ntm a2200409Ii 4500 | ||
|---|---|---|---|
| 001 | 147985 | ||
| 003 | SBPL | ||
| 005 | 20180806101855.0 | ||
| 008 | 150415t20152013maua j 000 1 eng d | ||
| 010 | . | ‡a 2012942409 | |
| 020 | . | ‡a9780763660505 ‡q(hardcover) | |
| 020 | . | ‡a0763660507 ‡q(hardcover) | |
| 020 | . | ‡a9780763669270 ‡q(paperback) | |
| 020 | . | ‡a076366927X ‡q(paperback) | |
| 035 | . | ‡a(CONS)147985 | |
| 035 | . | ‡a(CPomAG)LMN607728 | |
| 100 | 1 | . | ‡aPastis, Stephan. , ‡eauthor |
| 245 | 1 | 0. | ‡aTimmy Failure : ‡bmistakes were made / ‡cStephan Pastis. |
| 246 | 3 | 0. | ‡aMistakes were made |
| 250 | . | ‡aFirst paperback edition. | |
| 264 | 1. | ‡aSomerville, Massachusetts : ‡bCandlewick Press, ‡c2015, ©2013. | |
| 300 | . | ‡a294 pages : ‡billustrations ; ‡c21 cm. | |
| 336 | . | ‡atext ‡btxt ‡2rdacontent | |
| 336 | . | ‡astill image ‡bsti ‡2rdacontent | |
| 337 | . | ‡aunmediated ‡bn ‡2rdamedia | |
| 338 | . | ‡avolume ‡bnc ‡2rdacarrier | |
| 490 | 1 | . | ‡aTimmy Failure ; ‡vBk 1. |
| 520 | . | ‡aTake eleven-year-old Timmy Failure — the clueless, comically self-confident CEO of the best detective agency in town, perhaps even the nation. Add his impressively lazy business partner, a very large polar bear named Total. Throw in the Failuremobile — Timmy’s mom’s Segway — and what you have is Total Failure, Inc., a global enterprise destined to make Timmy so rich his mother won’t have to stress out about the bills anymore. Of course, Timmy’s plan does not include the four-foot-tall female whose name shall not be uttered. And it doesn’t include Rollo Tookus, who is so obsessed with getting into "Stanfurd" that he can’t carry out a no-brainer spy mission. From the offbeat creator of Pearls Before Swine comes an endearingly bumbling hero in a caper whose peerless hilarity is accompanied by a whodunit twist. With perfectly paced visual humor, Stephan Pastis gets you snorting with laughter, then slyly carries the joke a beat further — or sweetens it with an unexpected poignant moment — making this a comics-inspired story (the first in a new series) that truly stands apart from the pack. | |
| 650 | 0. | ‡aPrivate investigators ‡vJuvenile fiction. | |
| 650 | 0. | ‡aPolar bear ‡vJuvenile fiction. | |
| 650 | 0. | ‡aFriendship ‡vJuvenile fiction. | |
| 650 | 0. | ‡aSchools ‡vJuvenile fiction. | |
| 650 | 0. | ‡aBoys ‡vJuvenile fiction. | |
| 650 | 0. | ‡aGirls ‡vJuvenile fiction. | |
| 655 | 7. | ‡aHumorous fiction. ‡2lcgft | |
| 655 | 7. | ‡aDetective and mystery fiction. ‡2lcgft | |
| 800 | 1 | . | ‡aPastis, Stephan. ‡tTimmy Failure ; ‡vBk 1. |
| 901 | . | ‡a147985 ‡bUnknown ‡c147985 ‡tbiblio | |